000 00973nam a22002657a 4500
005 20100810100053.0
010 _aENG-99222
020 _a9788175348325
_c210.00
035 _aEN-82754
037 _bDBAD/PUB
082 _a344.54001252
100 _aH. L. Kumar
_91516
245 _aPractical guide to industrial employment :
_b(standing order) act and rules /
_cby H. L. Kumar
250 _a3rd edition
260 _aDelhi
_bUniversal Law Publishing Co.
_c2010
270 _aC-FF-1A, Dilkhush Industrial Estate
_bDelhi
_e110033
300 _axxiii, 165p.
_c24cm (pbk)
500 _aIncludes index
650 _aIndia
650 _aLabour law and legislation
_99701
650 _aOld age pensions law and legislation
_99702
700 _aGaurav Kumar
_91517
942 _2ddc
_cEN
_h344.5401252
_mHLK
999 _c40479
_d40479